| 000 | 00714nam a2200253Ia 4500 | ||
|---|---|---|---|
| 003 | OSt | ||
| 005 | 20221006152219.0 | ||
| 006 | a|||||r|||| 00| 0 | ||
| 007 | ta | ||
| 008 | 221006b |||||||| |||| 00| 0 eng d | ||
| 020 |
_a9780521533676 _c1250.00 |
||
| 024 | _a25,441 | ||
| 037 | _cTextual | ||
| 040 |
_aEASL _cEASL _beng |
||
| 041 |
_2eng _aeng |
||
| 082 | _aW:(X).58.N9, P4 | ||
| 100 | _aGREGORY Paul R | ||
| 245 | 0 |
_aPolitical economy of Stalinism _b Evidence from the Soviet secret archives |
|
| 260 |
_aCambridge _bCambridge University Press China |
||
| 300 |
_a308p. _ccm. |
||
| 490 | _v Oth | ||
| 942 |
_hW:(X).58.N9, P4 _cTEXL _2CC |
||
| 999 |
_c1093527 _d1093527 |
||